00325nam a2200133Ia 4500008004100000041001200041082002200053100002100075245003200096250001200128260002700140300001600167650000800183231217s9999 xx 000 0 und d aEnglish a001.6424C SCH;13 aSchildt, Herbert 0aC++: The complete reference a4th ed. c2003bNew Delhi : TMH, axxviii+1036 aC++